Matemáticas Financieras (Registro nro. 3091)
[ vista simple ]
| 000 -Cabecera | |
|---|---|
| Campo de control de longitud fija | 01078aam a2200397 4500 |
| 005 - Fecha y hora de la última transacción | |
| Campo de control | 20231101142234.0 |
| 008 - Elementos de longitud fija--Información general | |
| Campo de control de longitud fija | 150306b2013 xxu||||| |||| 00| 0 spa d |
| 020 ## - International Standard Book Number | |
| Número Internacional Estándar del Libro (ISBN) | 9786071509437 |
| 041 ## - Idioma | |
| Código de idioma | Español |
| 082 ## - Clasificación Decimal Dewey | |
| Número de clasificación | 658.15 D542m5 |
| 100 ## - Entrada principal--Autor personal | |
| Nombre personal | Diaz Mata, Alfredo |
| 9 (RLIN) | 3813 |
| 100 ## - Entrada principal--Autor personal | |
| Nombre personal | Aguilera, Victor Manuel |
| 9 (RLIN) | 26385 |
| 245 ## - Título propiamente dicho | |
| Título | Matemáticas Financieras |
| 250 ## - Edición | |
| Mención de edición | 5 edición |
| 260 ## - Pie de imprenta | |
| Lugar de publicación, distribución, etc. | México |
| 260 ## - Pie de imprenta | |
| Nombre del editor, distribuidor, etc. | McGraw-Hill |
| 260 ## - Pie de imprenta | |
| Fecha de publicación, distribución, etc. | 2013 |
| 300 ## - Descripción física | |
| Extensión | 467 páginas |
| 650 ## - Materia general | |
| Temática (materia general) | MATEMÁTICAS FINANCIERAS |
| 650 ## - Materia general | |
| Temática (materia general) | PROBABILIDADES |
| 650 ## - Materia general | |
| Temática (materia general) | INTERÉS SIMPLE |
| 650 ## - Materia general | |
| Temática (materia general) | TASA DE INTERÉS |
| 650 ## - Materia general | |
| Temática (materia general) | TABLAS DE MORTALIDAD |
| 650 ## - Materia general | |
| Temática (materia general) | INTERÉS COMPUESTO |
| 650 ## - Materia general | |
| Temática (materia general) | TASA NOMINAL |
| 650 ## - Materia general | |
| Temática (materia general) | TASA EFECTIVA |
| 650 ## - Materia general | |
| Temática (materia general) | TASAS EQUIVALENTES |
| 650 ## - Materia general | |
| Temática (materia general) | ANUALIDADES SIMPLES |
| 650 ## - Materia general | |
| Temática (materia general) | ANUALIDADES ANTICIPADAS |
| 650 ## - Materia general | |
| Temática (materia general) | ANUALIDADES DIFERIDAS |
| 650 ## - Materia general | |
| Temática (materia general) | AMORTIZACIÓN |
| 650 ## - Materia general | |
| Temática (materia general) | FONDOS DE AMORTIZACIÓN |
| 942 ## - Punto de acceso adicional KOHA | |
| Tipo de ítem KOHA | Libro |
| Fuente del sistema de clasificación o colocación | Dewey Decimal Classification |
| Signatura completa | Código de barras | Programa Académico | Tipo de ítem |
|---|---|---|---|
| 658.15 D542m5 | 18969 | Libro | |
| 658.15 D542m5 | 17853 | Libro | |
| 658.15 D542m5 | 17854 | Libro |